| 000 | 00993nam0a22002531 4500 | ||
|---|---|---|---|
| 001 | rc\2813626 | ||
| 005 | 20250810052350.0 | ||
| 035 | _a(NLR Aleph) 006939426 | ||
| 090 |
_a7628602 _c7628602 |
||
| 100 | _a20250810 rusy50 | ||
| 101 | 0 | _arus | |
| 102 | _aRU | ||
| 105 | _aa z ||||| | ||
| 200 | 1 |
_aКнига для чтения по русскому языку _eДля 5-го класса осет. неполной сред. и сред. школы _fС. С. Джанаев |
|
| 210 |
_aДзауджикау _cСев.-Осет. гос. изд-во _d1945 [выпуск. дан.: 1947] _eПятигорск _gтип. им. Анджиевского |
||
| 215 |
_a162 с. _cил. _d22 см. |
||
| 700 | 1 |
_aДжанаев _bС.С. _gСергей Сафонович |
|
| 801 | 0 |
_aRU _bNLR _gpsbo |
|
| 801 | 1 |
_aRU _bELAR _2rusmarc |
|
| 852 |
_aNLR _jЯ60 Г-5/575 |
||
| 942 | _cBOOK | ||
| 945 | _aРоссийская национальная библиотека | ||
| 980 | _aNB | ||
| 980 | _aBV | ||